Dreamweaver 4 : H. O. T. hands-on training

Bibliographic Details
Main Author: Weinman, Lynda
Format: Book
Published: Berkely, CA : Lynda.com/books; Peachpit Press , c 2002
Subjects:

MARC

LEADER 00000cam a2200000 7i4500
001 0000009692
005 20030121.0
020 |a 0201741334 
040 |a INS 
090 0 0 |a TK5105.8885.D74   |b W74 2002 
100 1 |a Weinman, Lynda 
245 1 0 |a Dreamweaver 4 :   |b H. O. T. hands-on training   |c by Lynda Weiman and Garo Green 
260 |a Berkely, CA :   |b Lynda.com/books; Peachpit Press ,   |c c 2002 
300 |a 644p. ;   |c 24cm + 1 computer optical disc (4 3/4in). 
650 0 0 |a Dreamweaver (Computer file) 
650 0 0 |a Web sites   |x Authoring programs 
999 |a 0000008260   |b BOOK   |c Open Shelf   |e Default branch